00521 2200205 4500001002100000005001500021035002000036245003800056100001500094250001100109300003400120260003200154082001400186084002000200020002200220600001000242008004100252990001100293990001100304INLIS00000000000175720241205023954 a0010-12240000101 aWho's the Impostor? /cNabila Eky0 aNabila Eky acet. 1 aix, 288 hlm :bilust ;c20 cm aJakarta :bKataDepan,c2023 a899.221'3 a899.221'3 NAB w a978-623-5308-49-4 4aNovel241205 0  a003657 a003658